MARC

LEADER 00000nam0a2200000 4500
001 68159
005 20231031074546.0
035 |a (RuTPU)RU\TPU\book\72558 
090 |a 68159 
100 |a 20040930d1976 m y0rusy50 ca 
101 0 |a rus 
102 |a RU 
105 |a a j 001zy 
200 1 |a Месторождения урана и редких металлов (практикум)  |e учебное пособие для студентов геологических специальностей   |f И. М. Баюшкин , Н. Н. Железняк, Ю. Л. Капустин и др.  |g Под ред. Н. П. Лаверова 
210 |a Москва  |c Атомиздат  |d 1976 
215 |a 285 с.  |c ил. 
320 |a Предметный указатель: с. 279-281. 
610 1 |a руды 
610 1 |a урановые руды 
610 1 |a геология 
610 1 |a руды редких металлов 
610 1 |a месторождения 
610 1 |a учебные пособия 
675 |a 553.495(076.5)  |v 3 
675 |a 553.493(076.5)  |v 3 
701 1 |a Баюшкин  |b И. М.  |g Илья Михайлович 
701 1 |a Железняк  |b Н. Н.  |g Николай Николаевич 
701 1 |a Капустин  |b Ю. Л.  |g Юрий Леонидович 
701 1 |a Крупенников  |b В. А.  |g Вячеслав Александрович 
701 1 |a Лаверов  |b Н. П.  |g Николай Павлович 
702 1 |a Лаверов  |b Н. П.  |g Николай Павлович  |4 340 
801 1 |a RU  |b 63413507  |c 20040930  |g PSBO 
801 2 |a RU  |b 63413507  |c 20181208  |g PSBO 
942 |c BK